000
00222nam a2200109Ia 4500
008
190216s9999||||xx |||||||||||||| ||und||
100
_a
Muslim
245
0
_a
Sahih Muslim
260
_b
Rashidiya
650
_a
Arabic
942
_c
BK
999
_c
21
_d
21